000 00380nam a22001457a 4500
020 _qHB.
040 _cFIZZA ISHAQ
082 _a510
_bSMI
100 _aSMITH KARL J.
_939950
245 _aFINITE MATHEMATICS /
_cKARL J SMITH.
250 _a
260 _aCOLE PUBLISHING COMPANY:
_bCALIFORNIA,
_c1985.
300 _a596 P. ;
942 _2ddc
_cBK
999 _c615275
_d615275